Logikamente : libros de matemática a medida :

Guardado en:
Autor Principal: Pisano, Juan Pablo
Formato: Libro
Publicado: Buenos Aires : Logikamente, 2006
Edición:2a. ed.
Series:Logikamente
Materias:
Etiquetas: Agregar Etiqueta
Sin Etiquetas, Sea el primero en etiquetar este registro!
LEADER 01089nam a22003135a 4500
001 CEM.cems012353
005 20061124164216.0
008 130507s2006##################000#0#####d
003 CEMS
020 |a 9872198500 
082 0 4 |a 510 
100 1 |a Pisano, Juan Pablo 
245 1 0 |a Logikamente :  |b libros de matemática a medida :  |c Juan Pablo Pisano 
250 |a 2a. ed. 
260 |a Buenos Aires :  |b Logikamente,  |c 2006 
300 |a 98 p. 
490 0 |a Logikamente 
505 0 |a Límites I -- Límites II -- Límites III -- Límites IV -- Derivadas I -- Derivadas II -- Derivadas III -- Integrales I -- Integrales II -- Sucesiones I -- Introducción analisis matemático -- Vectores -- Matrices -- Cónicas 
653 |a Límites 
653 |a Matemática 
653 |a Derivadas 
653 |a Integrales 
653 |a Sucesiones 
653 |a Vectores 
653 |a Analisis matemático 
653 |a Matrices 
653 |a Cónicas 
859 |a CEMS  |b BIB. CEMS - 11 de abril  |h 510  |i P672  |p 23628.06  |t Ej.1  |v V  |3 V 
859 |a CEMS  |b BIB. CEMS - 11 de abril  |h 510  |i P672  |p 23933.07  |t Ej.2  |v V  |3 V